Monetárna politika v krajinách V4

Monetárna politika a monetárne pravidlá. Monetárna politika v krajinách Vyšehradskej štvorky. Odhad pravidiel monetárnej politiky krajín V4 pomocou Taylorovho modelu. Výsledky odhadu jednotlivých modelov za obdobie r. 2000-2010.

Salvato in:
Dettagli Bibliografici
Autore principale: Lukáčiková, Adriana, 1971-
Natura: Capitolo di libro
Lingua:slovacco
Soggetti:
Tags: Aggiungi Tag
Nessun Tag, puoi essere il primo ad aggiungerne!!

MARC

LEADER 00000nla$a2200000$$$4500
001 0124891
005 20240502072422.2
041 0 |a slo 
044 |a SK 
245 1 0 |a Monetárna politika v krajinách V4  |c Adriana Lukáčiková 
520 |a Monetárna politika a monetárne pravidlá. Monetárna politika v krajinách Vyšehradskej štvorky. Odhad pravidiel monetárnej politiky krajín V4 pomocou Taylorovho modelu. Výsledky odhadu jednotlivých modelov za obdobie r. 2000-2010. 
610 2 0 |a politika peňažná 
610 2 0 |a peniaze 
610 2 0 |a miera úroková 
610 2 0 |a inflácia 
610 2 0 |a odhady 
610 2 0 |a modely 
610 2 0 |a cielenie inflácie 
610 2 0 |a Vyšehradská štvorka 
100 1 |a Lukáčiková, Adriana, 1971-